000 00835nam a2200253 a 4500
008
020 _a0442317727 (pbk.)
049 _aMAIN
090 _aQA76.76.E95 BLA
100 1 _aBlack, W. J.
245 1 0 _aIntelligent knowledge based systems :
_ban introduction /
_cW.J. Black.
260 _aWokingham, Berkshire, England :
_bVan Nostrand Reinhold (UK),
_c1986.
300 _axii, 159 p. :
_bill. ;
_c24 cm.
440 0 _aAspects of information technology.
504 _aIncludes bibliographical references : p. 146-156.
500 _aIncludes index.
650 0 _aArtificial intelligence.
650 0 _aExpert systems (Computer science).
907 _a.b10042623
_b22-02-07
_c17-04-03
003
005 20230123133210.0
040 _cNUST
942 _cBOOKS
_kQA76.76.E95 BLA
999 _c144454
_d144454